| 000 | 00525nam a2200157Ia 4500 | ||
|---|---|---|---|
| 008 | 170221s9999 xx 000 0 und d | ||
| 100 | _aTanimu Ahmed Jibril | ||
| 245 | _aPotentials of Global Networking in Sms Technology: An Example of Nigerian Users | ||
| 245 | _cTanimu Ahmed Jibril, Tan Bee Hoon Shamsuddeen Mohammed | ||
| 260 | _bOnline Journal of Communication and Media Technologies | ||
| 260 | _c2013 | ||
| 300 | _a33 : 2 | ||
| 650 | _xCommunication | ||
| 650 | _xMedia Arts | ||
| 856 | _uhttp://www.ojcmt.net/ | ||
| 999 |
_c310987 _d310987 |
||